Colonial Systems of Control (Record no. 353011)
[ view plain ]
| 000 -LEADER | |
|---|---|
| fixed length control field | 00639nam a2200133Ia 4500 |
| 008 - FIXED-LENGTH DATA ELEMENTS--GENERAL INFORMATION | |
| fixed length control field | 171212s9999 xx 000 0 und d |
| 100 ## - MAIN ENTRY--PERSONAL NAME | |
| Personal name | Saleh-Hanna, Viviane |
| 245 ## - TITLE STATEMENT | |
| Statement of responsibility, etc | Saleh-Hanna, Viviane |
| Title | Colonial Systems of Control |
| Remainder of title | Criminal Justice in Nigeria |
| 260 ## - PUBLICATION, DISTRIBUTION, ETC. (IMPRINT) | |
| Name of publisher, distributor, etc | University of Ottawa Press |
| Date of publication, distribution, etc | 2008 |
| 440 ## - SERIES STATEMENT/ADDED ENTRY--TITLE | |
| Title | Alternative Perspectives in Criminology |
| 650 ## - SUBJECT ADDED ENTRY--TOPICAL TERM | |
| Topical term or geographic name as entry element | Criminal justice, Administration of -- Nigeria; Imprisonment -- Nigeria; Prisoners -- Civil rights -- Nigeria; Prisoners -- Nigeria -- Biography; Alternatives to imprisonment -- Nigeria; Imperialism |
| 650 ## - SUBJECT ADDED ENTRY--TOPICAL TERM | |
| Topical term or geographic name as entry element | History |
| 856 ## - ELECTRONIC LOCATION AND ACCESS | |
| Uniform Resource Identifier | <a href="http://jstor.org/stable/j.ctt1ckph37">http://jstor.org/stable/j.ctt1ckph37</a> |
| Withdrawn status | Lost status | Damaged status | Home library | Current library | Date acquired | Total Checkouts | Full call number | Date last seen | Price effective from | Koha item type |
|---|---|---|---|---|---|---|---|---|---|---|
| College Library | College Library | 12/12/2017 | KTA3800.C65 2008 | 12/12/2017 | 12/12/2017 | Curriculum - Based eBooks |